| 000 | 01015nam a2200265Ia 4500 | ||
|---|---|---|---|
| 003 | OSt | ||
| 005 | 20221005112138.0 | ||
| 006 | a|||||r|||| 00| 0 | ||
| 007 | ta | ||
| 008 | 221004b |||||||| |||| 00| 0 pan d | ||
| 020 |
_a8172055730 (hbk) _cINR 250.00 |
||
| 024 | _a39375 | ||
| 037 |
_b234, 17/03/2018, National Book Shop _cTextual |
||
| 040 |
_aCRL _cCRL _bpan |
||
| 041 |
_2pan _apan |
||
| 082 | _aQ8441:(R), 153Q7 | ||
| 100 |
_aਆਹਲੂਵਾਲੀਆ, ਜਸਬੀਰ ਸਿੰਘ, ਂਚ. _9160597 |
||
| 245 | 0 | _aਸਿੱਖ ਖ਼ਲਸਖ਼ੇ ਦੀ ਭੂਮਿਕਾ | |
| 260 |
_aਅੰਮ੍ਰਿਤਸਰ _bਸਿੰਘ ਬ੍ਰਦਰਗ਼ ਭਾਰਤ _c2017 |
||
| 300 |
_a109ਪ0 _ccm. |
||
| 650 |
_a ਸਿੱਖ ਧਰਮ _9156314 |
||
| 650 |
_aਦਰFਨ Fਾਸਤਰ _9159399 |
||
| 942 |
_hQ8441:(R), 153Q7 _cTEXL _2cc |
||
| 999 |
_c1023952 _d1023952 |
||